00472 2200181 4500001002100000005001500021008004100036020001800077035001900095041000700114082001000121090001600131100002100147245004500168260003700213300002400250650001600274INLIS00000000000077520241224112229241224||||||||| | ||| |||| || |  a979-692-761-6 0010-1224000775 aid0 a297.9 a297.9 BAH u0 aBahrudin Supardi00aUmat Penyembah Hutan : Kisah Nabi Syuaib aBandungbRemaja Rosdakaryac2008 a35 hlm.;ilus.;28 cm 0aAgama Islam